Complete the horror movie title p3 - Statistics

General Stats
  • This quiz has been taken 42 times
  • The average score is 7 of 9
Answer Stats
Hint Answer % Correct
Ready or ___ Not
100%
Winnie the ____: Blood and Honey Pooh
94%
The Woman __ The Yard In
92%
___ Sematary Pet
92%
The Autopsy of ____ Doe Jane
89%
Five ______ at Freddie’s Nights
86%
The Human _________ Centipede
75%
Bring Her ____ Back
58%
You Should Have ____ Left
47%
No matching quizzes found
Score Distribution
Percent of People with Each Score
Percentile by Number Answered
Your Score History
You have not taken this quiz